CATÁLOGO PÚBLICO DE LA BIBLIOTECA OSCAR VARSAVSKY

Evaluación del subcomponente capacitación de operadores de transporte público correspondiente al Plan Nacional de Modernización al Transporte Público de la Fundación Fondo Nacional de Transporte Urbano (FONTUR) (Registro nro. 1096)

Detalles MARC
000 -CABECERA
campo de control de longitud fija 00697nam a22001937a 4500
001 - NÚMERO DE CONTROL
campo de control T027600013320
008 - DATOS DE LONGITUD FIJA--INFORMACIÓN GENERAL
campo de control de longitud fija 181014b xve||||| m 0 e0p | esp
040 ## - FUENTE DE LA CATALOGACIÓN
Centro catalogador/agencia de origen FEVP
Centro/agencia transcriptor FEVP
041 ## - CÓDIGO DE LENGUA
Código de lengua del texto/banda sonora o título independiente spa
099 ## - SIGNATURA TOPOGRÁFICA LOCAL
Sigla especial EVP T-G.P.
Cutter B276
100 ## - ENTRADA PRINCIPAL--NOMBRE DE PERSONA
Apellido (s), Nombre (s) Barrios B., Anamaura E.
245 ## - MENCIÓN DE TÍTULO
Título Evaluación del subcomponente capacitación de operadores de transporte público correspondiente al Plan Nacional de Modernización al Transporte Público de la Fundación Fondo Nacional de Transporte Urbano (FONTUR)
260 ## - PUBLICACIÓN, DISTRIBUCIÓN, ETC. (PIE DE IMPRENTA)
Fecha de publicación, distribución, etc. Septiembre, 2008
300 ## - DESCRIPCIÓN FÍSICA
Extensión 75pp.
500 ## - NOTA GENERAL
Nota general Impreso
502 ## - NOTA DE TESIS
Nota de tesis TESIS -- Especialista, Especialista en Gerencia Pública
700 ## - PUNTO DE ACCESO ADICIONAL--NOMBRE DE PERSONA
Nombre de persona Ojeda, Juan Carlos
Término indicativo de función/relación Tutor
942 ## - ELEMENTOS DE PUNTO DE ACCESO ADICIONAL (KOHA)
Tipo de ítem Koha Tesis
Existencias
Estado de retiro Estado de pérdida Fuente del sistema de clasificación o colocación Estado dañado No para préstamo Localización permanente Ubicación/localización actual Fecha de adquisición Total de préstamos Signatura topográfica completa Código de barras Fecha visto por última vez Precio válido a partir de Tipo de ítem Koha
          Oscar Varsavsky Oscar Varsavsky 31.10.2018   EVP T-G.P. B276 T027600017028 31.10.2018 31.10.2018 Tesis